Loading...
Arts - Music | 7 | 21.43 | 100% | 100% | 14% |
Arts - Other Arts | 5 | 18.00 | 100% | 40% | 40% |
Arts - Painting | 2 | 5.00 | 50% | 0% | 0% |
History - American History | 3 | 6.67 | 67% | 0% | 0% |
History - European | 4 | 10.00 | 100% | 0% | 0% |
History - Other History | 5 | 8.00 | 80% | 0% | 0% |
History - World | 1 | 20.00 | 100% | 100% | 0% |
History - World History | 5 | 12.00 | 100% | 20% | 0% |
Literature - American Lit | 4 | 15.00 | 100% | 25% | 25% |
Literature - British Lit | 5 | 10.00 | 80% | 20% | 0% |
Literature - European Lit | 6 | 11.67 | 100% | 17% | 0% |
Literature - World Lit | 2 | 15.00 | 100% | 50% | 0% |
Mythology | 3 | 10.00 | 100% | 0% | 0% |
Other - Geo/CE | 4 | 17.50 | 75% | 50% | 50% |
Other Academic | 3 | 23.33 | 100% | 100% | 33% |
Pop Culture | 5 | 12.00 | 80% | 20% | 20% |
Religion | 6 | 13.33 | 83% | 33% | 17% |
Science - Biology | 5 | 6.00 | 60% | 0% | 0% |
Science - Chemistry | 2 | 25.00 | 100% | 100% | 50% |
Science - Engineering | 1 | 10.00 | 0% | 100% | 0% |
Science - Other Science | 5 | 14.00 | 100% | 40% | 0% |
Science - Physics | 3 | 13.33 | 100% | 0% | 33% |
Thought - Philosophy | 5 | 20.00 | 100% | 100% | 0% |
Thought - Social Science | 4 | 10.00 | 75% | 25% | 0% |